Movies Quiz

Random Movies Quiz

My Cousin Vinny Quiz Stats

 Plays Quiz not verified by Sporcle

Challenge
Share
Tweet
Embed
Score 0/24 Timer 10:00
0 Plays Today
Question Answer % Correct
How many fingers does Mrs. Riley say Vinny is holding up?4
72.5%
Who plays William 'Billy' GambiniRalph Macchio
67.3%
How many times did Vinny take the BAR6
63.7%
How many bushes?7
62.7%
Vinny's fiance's occupationOut of work hairdresser
60.5%
Marissa Tomei's characterMona Lisa Vito
59.9%
What does the dry cleaner have?Flu
52.8%
Vinny's middle nameLa Guardia
51.6%
Store allegedly robbedSac O Suds
50.5%
Billy Gambini's friendStan Rothenstein
49.5%
Vinny's aliasJerry Callo
48.4%
The Buick Skylark doesn't have thisPositraction
37.3%
Question Answer % Correct
The case cracker!Picture of Vinny in the shower
35.4%
Judge had trouble understanding this wordYutes
35.1%
Mr. Tipton may cook with these types of GritsMagic Grits
32.7%
How many items did the defendants purchase22
28.8%
Murder weapon357 Magnum Revolver
26.7%
An adjective describing Vinny's objectionLucid
20.4%
The victimJimmy Willis
18.6%
JT makes this in the pool hallA counter offer
8.6%
Murder's carPontiac Tempist
7.9%
What type of tires were on the Buick SkylarkMichelin model XGV 75R14
5.3%
Craftsman model 1019 Laboratory Edition Signature Series torque wrenches are used by who?Caltech Physicists and NASA engineers
4.7%
Ignition Timing for a 1964 Bel Air ChevroletFour degrees between top dead center
0.8%

You're not logged in!

Compare scores with friends on all Sporcle quizzes.
Join for Free
OR
Log In

You Might Also Like...

Show Comments

Extras

Created Nov 24, 2009ReportFavoriteNominate
Tags:cousin, vinny

Top Quizzes Today


Score Distribution

Your Account Isn't Verified!

In order to create a playlist on Sporcle, you need to verify the email address you used during registration. Go to your Sporcle Settings to finish the process.

Report this User

Report this user for behavior that violates our Community Guidelines.

Details: